| 000 | 00750cam a22002411 4500 | ||
|---|---|---|---|
| 999 |
_c7623 _d7623 |
||
| 001 | 8729374 | ||
| 003 | GBCCL | ||
| 005 | 20241126110632.0 | ||
| 008 | 750806s1924 nyu 000 0 eng | ||
| 010 | _a 24009366 | ||
| 035 | _a(OCoLC)1515176 | ||
| 040 |
_aDLC _cFM _dOCoLC _dMBU _dDLC |
||
| 042 | _apremarc | ||
| 050 | 0 | 0 |
_aBV5082 _b.S54 1924a |
| 082 |
_a200 _bSIN |
||
| 100 | 1 |
_aSingh, Sundar, _d1889-1929. _93350 |
|
| 245 | 1 | 0 |
_aReality and religion; _bMeditations on God, man and nature, _cby Sadhu Sundar Singh, with an introduction by Canon Streeter. |
| 260 |
_aNew York, _bThe Macmillan Co., _c1924. |
||
| 300 |
_axvi, 80 p. _c18 cm. |
||
| 650 | 0 |
_aReligion. _91728 |
|
| 906 |
_a7 _bcbc _coclcrpl _du _encip _f19 _gy-gencatlg |
||
| 942 |
_2ddc _cBK _01 |
||